Pao Pao /

Salvato in:
Dettagli Bibliografici
Autore principale: Tondelli, Pier Vittorio (Autore)
Natura: Libro
Lingua:italiano
Pubblicazione: Milano : Feltrinelli, 1991
Edizione:2. ed
Serie:Universale economica ; 1072
Tags: Aggiungi Tag
Nessun Tag, puoi essere il primo ad aggiungerne!!

MARC

LEADER 00000nam a2200000 i 4500
001 IT\ICCU\RAV\0188245
003 ItRI
005 20250618163650.0
008 920507s1991 it |||||| ||||| |||||c
020 |a 8807810727 
040 |b ita  |c GP 
041 7 |a ita  |2 ISO-639-2 
082 |a 853.914  |2 19 
100 1 |a Tondelli, Pier Vittorio  |0 IT\ICCU\CFIV\016813  |4 aut 
245 1 0 |a Pao Pao /  |c Pier Vittorio Tondelli. 
250 |a 2. ed 
260 |a Milano :  |b Feltrinelli,  |c 1991 
300 |a 185 p. ;  |c 18 cm 
830 0 |a Universale economica ;  |v 1072  |0 IT\ICCU\CFI\0001103 
942 |2 ddc  |c BK 
952 |0 0  |1 0  |2 ddc  |4 0  |6 853_914000000000000_TON  |7 1  |9 4309  |a RM  |b RM  |d 2025-06-18  |l 0  |o 853 914 TON  |p 911  |r 2025-06-18 16:37:14  |w 2025-06-18  |y BK 
981 1 |6 z01  |a i   |b xxxe  
982 1 |6 z01  |a n 
999 |c 3317  |d 3317